भारत ही अखण्ड भारत है/ (Record no. 201130)

MARC details
000 -LEADER
fixed length control field 00955nam a22002057a 4500
005 - DATE AND TIME OF LATEST TRANSACTION
control field 20240307153435.0
010 ## - LCCN (DPL NO)
LC control number HIN-126989
020 ## - INTERNATIONAL STANDARD BOOK NUMBER
International Standard Book Number 9788196548353
Terms of availability 250.00
035 ## - SYSTEM CONTROL NUMBER
System control number HN-99335
037 ## - SOURCE OF ACQUISITION
Source of stock number/acquisition DBAD/PUB
082 ## - DEWEY DECIMAL CLASSIFICATION NUMBER
Classification number 954
100 ## - MAIN ENTRY--PERSONAL NAME
Personal name सहस्रबुद्धे,उपेंद्रे विनायक
245 ## - TITLE STATEMENT
Title भारत ही अखण्ड भारत है/
Statement of responsibility, etc उपेंद्रे विनायक सहस्रबुद्धे
250 ## - EDITION STATEMENT
Edition statement 1
260 ## - PUBLICATION, DISTRIBUTION, ETC. (IMPRINT)
Place of publication, distribution, etc वाराणसी
Name of publisher, distributor, etc बुक शेल्फ
Date of publication, distribution, etc 2023
270 ## - ADDRESS
Address दुकान न. 17, विश्वनाथ मंदिर, बी०एच०यू०
City वाराणसी
Postal code 221005
300 ## - PHYSICAL DESCRIPTION
Extent 80पृष्ठ;
Dimensions 21सेमी(अजिल्द)
700 ## - ADDED ENTRY--PERSONAL NAME
Personal name उपेन्द्र विनायक सहस्त्रबुद्धे
9 (RLIN) 62956
942 ## - ADDED ENTRY ELEMENTS (KOHA)
Item type Hindi Books
Source of classification or shelving scheme Dewey Decimal Classification
Classification part 954
Call number suffix सहस्र
Holdings
Withdrawn status Lost status Not for loan Collection code Home library Current library Date acquired Source of acquisition Cost, normal purchase price Full call number Barcode Copy number Cost, replacement price Koha item type
      Non-fiction D.B.Act.Division D.B.Act.Division 29/02/2024 DBAD/PUB 250.00 954 सहस्र HN-99335 1 250.00 Hindi Books

© Delhi Public Library
Hit Counter
free hit counter